|
|
|
|
| LEADER |
00000cam a2200000 a 4500 |
| 001 |
vtls001481861 |
| 003 |
SK-MaSNL |
| 005 |
20260301183305.0 |
| 008 |
240226s2003 xo ol f ab 100 0 slo |
| 015 |
|
|
|a SNBA2005/02-00666
|
| 020 |
|
|
|a 808890188X
|q (brožované)
|
| 035 |
|
|
|a SNK000437158
|
| 035 |
|
|
|a urn:nbn:sk:snk-amk459
|
| 035 |
|
|
|a urn:nbn:sk:snk-am0056h2
|
| 035 |
|
|
|a 5C4BC2B5-5CDA-4FB8-AB3C-CD17915472D0
|
| 040 |
|
|
|a SNK
|b slo
|c SNK
|e AACR2
|
| 041 |
0 |
|
|a slo
|a cze
|b slo
|b eng
|
| 044 |
|
|
|a xo
|c SK
|
| 072 |
|
7 |
|a 796
|x Šport. Hry. Telesné cvičenia
|2 konspekt
|
| 080 |
|
|
|a 796.42/.43
|2 SNKPH
|
| 080 |
|
|
|a 793.3
|2 SNKPH
|
| 080 |
|
|
|a 316.728
|2 SNKPH
|
| 080 |
|
|
|a (063)
|2 SNKPH
|
| 080 |
|
|
|a 613.71/.73
|2 SNKPH
|
| 111 |
2 |
|
|a Nové trendy v súčasnom životnom štýle v oblasti fitnes, gymnastiky, tancov a úpolov
|n (4. :
|d 2003 :
|c Bratislava, Slovensko)
|9 72776
|
| 245 |
1 |
0 |
|a Nové trendy v súčasnom životnom štýle v oblasti fitnes, gymnastiky, tancov a úpolov
|b [zborník referátov zo IV. vedeckej konferencie KGTÚ, 3. júna 2003]
|c [zostavovateľ: Oľga Kyselovičová]
|
| 250 |
|
|
|a 1. vyd.
|
| 260 |
|
|
|a Bratislava
|b Univerzita Komenského
|c 2003
|
| 300 |
|
|
|a 112 strán
|b fotografie, schémy, tabuľky
|c 21 cm
|
| 500 |
|
|
|a Názov z obalu
|
| 501 |
|
|
|a Vydal PEEM
|
| 504 |
|
|
|a Bibliografické odkazy
|
| 546 |
|
|
|a Čiastočný text česky ; resumé slovensky a anglicky
|
| 650 |
0 |
7 |
|a pohybová aktivita
|2 SNKPH
|9 3607
|
| 650 |
0 |
7 |
|a atletika
|2 SNKPH
|9 3279
|
| 650 |
0 |
7 |
|a tanec
|2 SNKPH
|9 743
|
| 650 |
0 |
7 |
|a životný štýl
|2 SNKPH
|9 1704
|
| 655 |
|
7 |
|a zborníky konferencií
|2 SNKPH
|9 70153
|
| 700 |
1 |
|
|a Kyselovičová, Oľga,
|d 1963-
|4 com
|9 39786
|
| 919 |
|
|
|a 80-88901-88-X
|
| 968 |
|
|
|d 793/7999
|
| 999 |
|
|
|c 856475
|d 858405
|
| 952 |
|
|
|t P60, <03>, [BOOK], {603}, -K-
|a SNK
|b SNK
|y PREZ
|7 0
|p 17A0443323
|o snkSC 117316
|i snkKSP 12151/2004
|0 0
|1 0
|4 0
|d 2004-09-17
|f 1
|l 0
|r 2025-10-16 00:00:00
|w 2026-02-24
|
| 952 |
|
|
|t P60, <04>, [BOOK], {604}
|a SNK
|b SNK
|y VYP
|7 0
|p 17A0443324
|o snkSC 117316 D1
|i snkKSP 12152/2004
|0 0
|1 0
|4 0
|d 2004-09-17
|l 0
|r 2005-01-02 00:00:00
|w 2026-02-24
|